Normal view MARC view
  • Shams, GC Haider Ali ( TCC-15B)

Entry Personal Name

Number of records used in: 1

001 - CONTROL NUMBER

  • control field: 131937

003 - CONTROL NUMBER IDENTIFIER

  • control field: NUST

005 - DATE AND TIME OF LATEST TRANSACTION

  • control field: 20251118180528.0

008 - FIXED-LENGTH DATA ELEMENTS

  • fixed length control field: 251118|| aca||aabn | a|a d

040 ## - CATALOGING SOURCE

  • Original cataloging agency: NUST
  • Transcribing agency: NUST

100 ## - HEADING--PERSONAL NAME

  • Personal name: Shams, GC Haider Ali ( TCC-15B)

670 ## - SOURCE DATA FOUND

  • Source citation: Work cat.: (NUST)188644: Shams, GC Haider Ali ( TCC-15B), Virtual reality environment /, April 2007
© 2023 Central Library, National University of Sciences and Technology. All Rights Reserved.